| 000 | 00456cas6a220015700 4500 | ||
|---|---|---|---|
| 001 | zam00006016 | ||
| 008 | 951212n xx eng u | ||
| 035 | _a(Sirsi) r23178 | ||
| 035 | _a(MACHINE)01499 | ||
| 245 | 0 | 0 | _aZambia nurse journal. |
| 260 |
_aKitwe : _bZambia Nurses' Association. |
||
| 310 | _aBimonthly. | ||
| 650 |
_aNurses -- Zambia. _xNurses -- Zambia. _6S60906.1 |
||
| 949 |
_aUNIV _wLC _i-22462 _mMEDICAL _p000 _tSERAIL _lSERIAL |
||
| 004 | 23178 | ||
| 999 |
_c41434 _d41434 |
||